NLSUI OPAC header image

Money changes everything : how finance made civilization possible (Record no. 41547)

MARC details
000 -LEADER
fixed length control field 01654nam a2200217Ia 4500
003 - CONTROL NUMBER IDENTIFIER
control field OSt
005 - DATE AND TIME OF LATEST TRANSACTION
control field 20201010110721.0
008 - FIXED-LENGTH DATA ELEMENTS--GENERAL INFORMATION
fixed length control field 160316s2016 xxu||||| |||| 00| 0 eng d
020 ## - INTERNATIONAL STANDARD BOOK NUMBER
International Standard Book Number 9780691143781
040 ## - CATALOGING SOURCE
Transcribing agency nls
082 ## - DEWEY DECIMAL CLASSIFICATION NUMBER
Classification number 332.090000
Item number GOE
100 ## - MAIN ENTRY--PERSONAL NAME
Personal name Goetzmann William
245 ## - TITLE STATEMENT
Title Money changes everything : how finance made civilization possible
260 ## - PUBLICATION, DISTRIBUTION, ETC.
Place of publication, distribution, etc. London
Name of publisher, distributor, etc. Princeton University Press
Date of publication, distribution, etc. 2016
300 ## - PHYSICAL DESCRIPTION
Extent 584p
Dimensions vii
365 ## - TRADE PRICE
Price amount Rs. 2,464
505 ## - FORMATTED CONTENTS NOTE
Formatted contents note Table of contents<br/>Acknowledgments vii Introduction 1 Part I From Cuneiform to Classical Civilization 15 1 Finance and Writing 19 2 Finance and Urbanism 31 3 Financial Architecture 46 4 Mesopotamian Twilight 65 5 Athenian Finance 73 6 Monetary Revolution 92 7 Roman Finance 103 Part II The Financial Legacy of China 137 8 China's First Financial World 143 9 Unity and Bureaucracy 167 10 Financial Divergence 194 Part III The European Crucible 203 11 The Temple and Finance 207 12 Venice 221 13 Fibonacci and Finance 238 14 Immortal Bonds 249 15 The Discovery of Chance 258 16 Efficient Markets 276 17 Europe, Inc. 289 18 Corporations and Exploration 305 19 A Projecting Age 320 20 A Bubble in France 347 21 According to Hoyle 363 22 Securitization and Debt 382 Part IV The Emergence of Global Markets 401 23 Marx and Markets 405 24 China's Financiers 423 25 The Russian Bear 443 26 Keynes to the Rescue 454 27 The New Financial World 467 28 Re-Engineering the Future 493 29 Post-War Theory 504 Conclusion 519 Notes 523 Bibliography 541 Illustration Credits 555 Index 557
650 ## - SUBJECT ADDED ENTRY--TOPICAL TERM
Topical term or geographic name entry element 1. Civilization - Economic History2. Finance
700 ## - ADDED ENTRY--PERSONAL NAME
Personal name
--
942 ## - ADDED ENTRY ELEMENTS (KOHA)
Source of classification or shelving scheme Dewey Decimal Classification
Koha item type BOOKs
Holdings
Withdrawn status Lost status Damaged status Not for loan Home library Current library Shelving location Date acquired Cost, normal purchase price Total Checkouts Full call number Barcode Date last seen Date last checked out Price effective from Koha item type
        . . General Stacks 30.05.2017 2464.00 1 332.09 GOE 34912 30.01.2020 30.01.2020 30.05.2017 BOOKs